000 00897nam a22002417a 4500
999 _c6947
_d6947
003 AR-CdUCM
008 190319b ||||| |||| 00| 0 spa d
040 _aMUNICIPALIDAD PROVINCIAL DEL CUSCO
_cBIBLIOTECA MUNICIPAL DEL CUSCO
082 _a940.4 /
_bR68
100 _aRivoire, Mario
_919582
245 _aEuropa desde 1918 hasta hoy /
260 _aMexico :
_bUteha,
_c1961.
300 _a122 páginas ;
_c17 cm.
_e+3 mapas.
440 _aManuales Uteha - ciencias sociales
_n88
_919583
505 _aAntecedentes, la guerra de 1914 y Versalles -- La posguerra entre democracias y dictaduras -- Entre dos guerras, el rpoblema Alemán -- La Alemania de Hitler y la Rusia de Stalin...
650 _aPosguerra.
_94008
650 _aAlemania.
_91327
650 _aHitler.
_92451
650 _aStalin.
_95859
700 _aGerhard, Carlos (traductor)
_98030
942 _2ddc
_cLIBROS
945 _awfj